[Event "Titled Tuesday intern op 17th April"]
[Site "Chess.com INT"]
[Date "2017.11.07"]
[Round "5"]
[White "Rusev, Krasimir"]
[Black "Wieczorek, Oskar"]
[Result "1-0"]
[WhiteElo "2538"]
[BlackElo "2454"]
[PlyCount "80"]
[EventDate "2017.04.17"]
[EventType "swiss (blitz)"]
[EventRounds "10"]
[EventCountry "USA"]
[SourceTitle "EXT 2021"]
[Source "ChessBase"]
[SourceDate "2020.10.23"]
[SourceVersion "1"]
[SourceVersionDate "2020.10.23"]
[SourceQuality "1"]

1. d4 Nf6 2. Nf3 g6 3. Bf4 Bg7 4. e3 d6 5. h3 0-0 6. c3 b6 7. Bd3 Bb7 8. Bh2 Nbd7 9. Nbd2 c5 10. Qe2 Qc7 11. 0-0 a6 12. a4 Rfe8 13. e4 e5 14. dxe5 Nxe5 15. Nxe5 dxe5 16. Nc4 Nh5 17. Qc2 Nf4 18. Rfe1 Rad8 19. Bf1 Bc8 20. Ne3 Qc6 21. Rad1 b5 22. axb5 axb5 23. c4 b4 24. Nd5 Ne6 25. Ra1 Nd4 26. Qa4 Bd7 27. Qxc6 Bxc6 28. Ra5 Nb3 29. Ra6 Bb7 30. Ra7 Rd7 31. Re3 Nd4 32. Ra5 Ra8 33. Rxc5 Ra1 34. g4 Rd8 35. Kg2 Bh6 36. Rd3 Rb1 37. Bxe5 Ne6 38. Nf6+ Kf8 39. Rxd8+ Nxd8 40. Rc7 Rxb2 1-0